00559nam a22001817a 4500010001300000020001500013035001300028037001800041040001200059082001300071100002000084245009400104260003600198270004700234300002600281650004500307650002500352 aA-899318 a8125011919 aA-899318 bCen Lib / Ret aDPLbEn a340bAHU aAhuja, Sangeeta aPeople, law, and justice :ba casebook of public-interest litigation /cby Sangeeta Ahuja aNew DelhibOrient Longmanc1997 a3-6, 272 Himayatnagar,b Hyderabade500029 a(v 2. 409-895p)b24cm a Public interest law -- India -- Cases.  aPublic interest law.